000
00249nam a22001217a 4500
008
171102b xxu||||| |||| 00| 0 eng d
041
_a
eng
080
_a
339.138
100
_a
60
101
_a
MAR
245
_a
MARKETING
_c
LAMB,H
942
_2
udc
_c
BK
999
_c
37368
_d
37368